000 00490nam a2200169 i 4500
001 83740
003 ES-MaACL
005 20230906174902.0
007 t|
008 041118s1977 sp ||||1| spa d
100 1 _aIsidoro Carmona, Anibal.
_965568
245 1 0 _aAerodinámica y actuaciones del avión /
_cAnibal Isidoro Carmona.
250 _a3ª ed. corr. y aum.
260 _aMadrid :
_bParaninfo,
_c1977.
300 _a408 p. :
_bil. ;
_c22 cm.
852 _aES-MaACL
_jA-8006
_bR.96633
999 _c83740
_d83740